000 00872nam a2200217Ia 4500
999 _c36646
_d36646
001 2566
003 GE_BSU
005 20221229114927.0
008 181216s2007||||ge |||||||||||||| ||geo||
020 _a9789994095391
040 _cGE_BSU
041 _ageo
080 _a347.7(075.8) ქ–70
100 _aქოქრაშვილი, ქ.
_99280
245 _aსამეწარმეო სამართალი :
_b[სახელმძღვ. იურიდ. და ეკონ. ფაკ. სტუდ.] /
_c ქ. ქოქრაშვილი ; სტუ.
264 _aთბილისი :
_b [ტექნ. უნ-ტი],
_c2007.
300 _a448 გვ.;
_b20 სმ.
504 _aბიბლიოგრ. ტექსტ. შენიშვნ.
653 _aსამეწარმეო სამართალი
942 _cBK
_2udc